[Event "AUTO-MASTER-1661"]
[Site "http://www.queenalice.com/game.php?id=1064637"]
[Date "2012.5.27"]
[Round "1"]
[White "Gianuzio"]
[Black "tiagoadc1"]
[Result "1-0"]
[WhiteElo "1978"]
[BlackElo "1966"]

1. Nf3 Nf6 2. g3 d5 3. Bg2 e6 4. c4 Be7 5. d4 O-O 6. O-O c5 7. b3 Nc6 8. Ba3 Qa5
9. Qd2 Qxd2 10. Nbxd2 cxd4 11. Bxe7 Nxe7 12. cxd5 Nexd5 13. Nxd4 Bd7 14. Nc4
Rfd8 15. e4 Nb6 16. Nxb6 axb6 17. f4 Be8 18. Nc2 Bc6 19. Nb4 Bxe4 20. Bxe4 Nxe4
21. Rac1 Nc5 22. a4 Nxb3 23. Rc3 Nc5 24. Nc2 Rxa4 25. Rb1 Ra2 26. Ne1 1-0

[Event "AUTO-MASTER-1661"]
[Site "http://www.queenalice.com/game.php?id=1064638"]
[Date "2012.5.27"]
[Round "1"]
[White "tiagoadc1"]
[Black "Gianuzio"]
[Result "0-1"]
[WhiteElo "1983"]
[BlackElo "1961"]

1. d4 Nf6 2. c4 e6 3. Nf3 b6 4. Nc3 Bb4 5. a3 Be7 6. Bf4 Bb7 7. e3 Nh5 8. Be5
Nf6 9. h3 d6 10. Bg3 Nbd7 11. Bd3 O-O 12. O-O d5 13. Rc1 dxc4 14. Bxc4 c5 15.
Qe2 Nd5 16. Rfd1 Nxc3 17. Rxc3 Bf6 18. Rcc1 Qe7 19. dxc5 Nxc5 20. Bd6 Qe8 21. b4
Nd7 22. Bxf8 Nxf8 23. Bb5 Qb8 24. Bc6 h6 25. Nd4 Ng6 26. Bxb7 Qxb7 27. Qf3 Qxf3
28. Nxf3 Bb2 29. Rc7 Bxa3 0-1

[Event "AUTO-OPEN-2697"]
[Site "http://www.queenalice.com/game.php?id=1064755"]
[Date "2012.5.27"]
[Round "1"]
[White "favazza2007"]
[Black "Gianuzio"]
[Result "0-1"]
[WhiteElo "1876"]
[BlackElo "1941"]

1. c4 Nf6 2. Nc3 e6 3. Nf3 d5 4. cxd5 exd5 5. g3 c6 6. Bg2 Be7 7. O-O O-O 8. d4
Be6 9. Bg5 Nbd7 10. Bxf6 Bxf6 11. e3 Bg4 12. h3 Bh5 13. g4 Bg6 14. b4 Nb6 15.
Nd2 Bd3 16. Re1 Bh4 17. Qf3 f5 18. Qd1 fxg4 19. Qxg4 Bxf2+ 20. Kh1 Bxe1 21. Rxe1
Qf6 22. Qf3 Qh4 23. Qd1 Rf2 24. Ne2 Raf8 25. Rf1 Bxe2 26. Qe1 Rxf1+ 27. Qxf1
Bxf1 28. Nxf1 Nc4 29. Nh2 Qe1+ 30. Bf1 Nxe3 31. Kg1 Nxf1 32. Nxf1 Rxf1+ 0-1

[Event "AUTO-OPEN-2697"]
[Site "http://www.queenalice.com/game.php?id=1064756"]
[Date "2012.5.27"]
[Round "1"]
[White "Gianuzio"]
[Black "favazza2007"]
[Result "1-0"]
[WhiteElo "1995"]
[BlackElo "1860"]

1. Nf3 Nc6 2. c4 Nf6 3. g3 d6 4. d4 Bg4 5. Bg2 Qc8 6. d5 Nd8 7. Qa4+ Qd7 8.
Qxd7+ Nxd7 9. e4 e6 10. Nc3 Be7 11. O-O O-O 12. b3 Bxf3 13. Bxf3 Ne5 14. Bg2 c6
15. f4 Nd3 16. Ba3 c5 17. Nb5 a6 18. Nc3 Bf6 19. e5 Be7 20. exd6 Bxd6 21. Ne4
Be7 22. d6 Bf6 23. Nxf6+ gxf6 24. Be4 Nc6 25. Bxd3 b6 26. Be4 Rac8 27. d7 Rc7
28. Rfd1 Rd8 29. Bxc6 Rxc6 30. Bb2 Kg7 31. Rd3 Kg6 32. Rad1 h5 33. Rd6 Rxd6 34.
Rxd6 b5 35. cxb5 axb5 36. h4 Kf5 37. Kg2 e5 38. fxe5 fxe5 39. Kh3 f6 40. Rd5 Ke6
41. Rxc5 Rxd7 42. Rxb5 Rd2 43. Rb6+ Kf5 44. Bc1 Rxa2 45. Bh6 e4 46. b4 Ra3 47.
Bg7 e3 48. Rxf6+ Ke4 49. Re6+ Kd3 50. b5 e2 51. Bh6 Ra1 52. Re3+ Kc4 53. Rxe2
Kxb5 54. Re5+ Kc4 55. Rxh5 Kd3 56. Rf5 Ke4 57. Rf4+ Kd3 58. Bg5 Ke2 59. h5 Rh1+
60. Kg4 Rh2 61. h6 Ke3 62. Bh4 Ra2 63. Bf6 Ra8 64. Bg7 Rg8 65. Rf8 Rxf8 66. Bxf8
1-0

[Event "AUTO-OPEN-2697"]
[Site "http://www.queenalice.com/game.php?id=1064781"]
[Date "2012.5.27"]
[Round "1"]
[White "Gianuzio"]
[Black "Janivgm"]
[Result "1-0"]
[WhiteElo "1984"]
[BlackElo "1851"]

1. Nf3 d5 2. c4 c6 3. cxd5 cxd5 4. g3 Bf5 5. Bg2 e6 6. Nc3 Nf6 7. Ne5 Bd6 8.
Qa4+ Nbd7 9. Nxd7 Qxd7 10. Qb3 O-O 11. O-O b6 12. e4 dxe4 13. d3 h6 14. dxe4 Bg6
15. e5 Bxe5 16. Bxa8 Rxa8 17. Qb5 Qd4 18. Be3 Qd3 19. Qxe5 Ng4 20. Qd4 Nxe3 21.
fxe3 Qc2 22. Rf2 Qd3 23. Qxd3 Bxd3 24. Rd1 Bc4 25. Rd7 f6 26. a4 a5 27. Rb7 Rd8
28. Rxb6 Bb3 29. Rxb3 1-0

[Event "AUTO-OPEN-2697"]
[Site "http://www.queenalice.com/game.php?id=1064782"]
[Date "2012.5.27"]
[Round "1"]
[White "Janivgm"]
[Black "Gianuzio"]
[Result "1-0"]
[WhiteElo "1812"]
[BlackElo "2038"]

1. d4 Nf6 2. c4 e6 3. Nc3 Bb4 4. Qc2 b6 5. a3 Bxc3+ 6. Qxc3 Bb7 7. e3 Ne4 8. Qb4
Nc6 9. Qb5 a6 10. Qh5 Qf6 11. f4 O-O 12. Nf3 g6 13. Qh3 Na5 14. Bd3 Nb3 15. Rb1
Nxc1 16. Rxc1 c5 17. O-O cxd4 18. Nxd4 d5 19. c5 bxc5 20. Nf3 c4 21. Bxe4 dxe4
22. Ng5 h5 23. Rc2 Bd5 24. g4 e5 25. gxh5 exf4 26. exf4 Qd4+ 27. Rff2 Qd1+ 28.
Qf1 Qxh5 29. Rc3 f6 30. Rh3 Qg4+ 31. Rg3 Qxg3+ 32. hxg3 fxg5 33. Qd1 Bf7 34.
fxg5 Rad8 35. Qa4 e3 36. Re2 Rd3 37. Qxa6 Rd1+ 38. Kh2 Kg7 39. Rxe3 Rd2+ 40. Kg1
Rd1+ 41. Kf2 c3 42. Qf6+ Kg8 43. Qxc3 Bd5+ 44. Ke2 Rdf1 45. Kd3 Ba2 46. b3 Bb1+
47. Kd2 R8f2+ 48. Re2 Rxe2+ 49. Kxe2 Rf8 50. b4 Re8+ 51. Kf2 Bf5 52. b5 Rc8 53.
Qb3+ Kg7 54. b6 Rc2+ 55. Qxc2 1-0

[Event "AUTO-OPEN-2697"]
[Site "http://www.queenalice.com/game.php?id=1064783"]
[Date "2012.5.27"]
[Round "1"]
[White "Gianuzio"]
[Black "mestreRJ"]
[Result "0-1"]
[WhiteElo "1941"]
[BlackElo "2267"]

1. Nf3 c5 2. c4 Nf6 3. g3 Nc6 4. Bg2 d6 5. O-O e5 6. d3 Be7 7. b3 d5 8. Bb2 d4
9. Nbd2 O-O 10. Ba3 h6 11. e3 dxe3 12. fxe3 Qxd3 13. Qe1 Ng4 14. Rf2 Nxf2 15.
Qxf2 Rd8 16. Bf1 Qc2 17. Bg2 e4 18. Nd4 cxd4 19. Bxe7 Nxe7 20. exd4 e3 21. Qxe3
Nf5 22. Qf2 Nxd4 23. Rf1 Qxd2 24. Qxf7+ Kh8 25. Be4 Qe3+ 0-1

[Event "AUTO-OPEN-2697"]
[Site "http://www.queenalice.com/game.php?id=1064784"]
[Date "2012.5.27"]
[Round "1"]
[White "mestreRJ"]
[Black "Gianuzio"]
[Result "1-0"]
[WhiteElo "2208"]
[BlackElo "1940"]

1. e4 e6 2. d4 d5 3. Nc3 Bb4 4. e5 c5 5. a3 cxd4 6. axb4 dxc3 7. Qg4 g6 8. h4 h5
9. Qf4 cxb2 10. Bxb2 Nc6 11. b5 Nce7 12. Bd3 Nh6 13. Nf3 Nef5 14. O-O b6 15. Ba3
Ng8 16. c4 dxc4 17. Be4 Rb8 18. Rfd1 Qc7 19. Bc6+ 1-0

[Event "AUTO-MASTER-1696"]
[Site "http://www.queenalice.com/game.php?id=1083721"]
[Date "2012.7.17"]
[Round "1"]
[White "mowliid12"]
[Black "Gianuzio"]
[Result "0-1"]
[WhiteElo "2130"]
[BlackElo "1970"]

1. d4 Nf6 2. c4 e6 3. Nc3 Bb4 4. Bg5 c5 5. e3 d5 6. Qc2 cxd4 7. exd4 Nbd7 8.
cxd5 Bxc3+ 9. Qxc3 exd5 10. Nf3 Qb6 11. Bd3 O-O 12. O-O h6 13. Bf4 Ne4 14. Qc2
Ndf6 15. h3 Bf5 16. Be5 Rac8 17. Qe2 Bh7 18. Kh2 Rfe8 19. Rac1 a6 20. a3 Nh5 21.
b4 f6 22. Bg3 Nexg3 23. Bxh7+ Kxh7 24. Qd3+ Ne4 25. Nd2 Rxc1 26. Rxc1 Kh8 27.
Nxe4 dxe4 28. Qe3 f5 29. Rc5 f4 30. Qe2 Nf6 31. Qe1 Qd6 32. Qd2 e3 33. Qe1 f3+
34. g3 exf2 35. Qxf2 Re2 36. Rc8+ Kh7 37. Kg1 Rxf2 38. Kxf2 Qxd4+ 39. Kxf3 Qd3+
40. Kg2 Qxa3 41. h4 Qxb4 42. Kg1 Ne4 43. Rc2 Qb1+ 44. Kg2 Qxc2+ 45. Kh3 h5 46.
g4 Qd3+ 47. Kh2 Qg3+ 0-1

[Event "AUTO-MASTER-1696"]
[Site "http://www.queenalice.com/game.php?id=1083722"]
[Date "2012.7.17"]
[Round "1"]
[White "Gianuzio"]
[Black "mowliid12"]
[Result "1-0"]
[WhiteElo "1979"]
[BlackElo "2099"]

1. Nf3 c5 2. g3 g6 3. Bg2 Bg7 4. O-O Nf6 5. d4 cxd4 6. Qxd4 O-O 7. Nc3 Nc6 8.
Qd1 d6 9. Nd4 Nxd4 10. Qxd4 Qc7 11. Qh4 Bf5 12. e4 Be6 13. Bh6 Qb6 14. Na4 Qb4
15. Bxg7 Kxg7 16. b3 Qc5 17. Nxc5 dxc5 18. e5 Nd5 19. c4 Nb4 20. Qxe7 Rae8 21.
Qxc5 Nc6 22. Bxc6 bxc6 23. Rad1 h5 24. Qxc6 Bf5 25. f4 Re6 26. Rd6 Rfe8 27. Rxe6
Rxe6 28. Qb7 a6 29. Rd1 h4 30. Rd7 1-0

[Event "AUTO-MASTER-1696"]
[Site "http://www.queenalice.com/game.php?id=1083737"]
[Date "2012.7.17"]
[Round "1"]
[White "kowisss"]
[Black "Gianuzio"]
[Result "0-1"]
[WhiteElo "1813"]
[BlackElo "1988"]

1. d4 Nf6 2. c4 e6 3. g3 c5 4. d5 exd5 5. cxd5 d6 6. Bg2 Be7 7. Nf3 O-O 8. O-O
Nbd7 9. b3 Nb6 10. Bb2 Nfxd5 11. e4 Nb4 12. Nc3 Bf6 13. Qe2 Bg4 14. h3 Bh5 15.
a3 Nc6 16. g4 Bg6 17. Rad1 Qe7 18. Rfe1 Ne5 19. Nd5 Nxd5 0-1

[Event "AUTO-MASTER-1696"]
[Site "http://www.queenalice.com/game.php?id=1083738"]
[Date "2012.7.17"]
[Round "1"]
[White "Gianuzio"]
[Black "kowisss"]
[Result "1-0"]
[WhiteElo "1978"]
[BlackElo "1823"]

1. Nf3 Nf6 2. g3 d5 3. Bg2 g6 4. O-O Bg7 5. d4 O-O 6. Nbd2 c6 7. c4 e6 8. Rb1
Nbd7 9. c5 Re8 10. Re1 e5 11. Nb3 e4 12. Nh4 Qe7 13. Bg5 h6 14. Bxf6 Bxf6 15.
Bh3 Bxh4 16. gxh4 e3 17. f3 1-0

[Event "AUTO-MASTER-1696"]
[Site "http://www.queenalice.com/game.php?id=1083749"]
[Date "2012.7.17"]
[Round "1"]
[White "Gianuzio"]
[Black "Alexandrovinsk"]
[Result "0-1"]
[WhiteElo "1984"]
[BlackElo "2155"]

1. Nf3 Nf6 2. b3 g6 3. Bb2 Bg7 4. g3 b6 5. Bg2 Bb7 6. O-O O-O 7. c4 d6 8. d4
Nbd7 9. d5 e5 10. dxe6 fxe6 11. Na3 e5 12. Ng5 Bxg2 13. Kxg2 Qe7 14. Nb5 Rfc8
15. e4 a6 16. Nc3 h6 17. Nf3 Nc5 18. Nd5 Qe6 19. Nxf6+ Qxf6 20. Qd5+ Kh7 21.
Rad1 Bf8 22. h4 c6 23. Qd2 Nxe4 24. Qe3 Nc5 25. Nd2 Re8 26. f4 Qe6 27. Rfe1 exf4
28. Qxf4 Qg8 29. Rf1 Nd3 30. Qd4 Nxb2 31. Qxb2 Re2+ 32. Rf2 Rxf2+ 33. Kxf2 Bg7
34. Qc2 Qe6 35. Re1 Bd4+ 36. Kf1 Rf8+ 0-1

[Event "AUTO-MASTER-1696"]
[Site "http://www.queenalice.com/game.php?id=1083750"]
[Date "2012.7.17"]
[Round "1"]
[White "Alexandrovinsk"]
[Black "Gianuzio"]
[Result "1-0"]
[WhiteElo "2147"]
[BlackElo "2000"]

1. d4 Nf6 2. c4 e6 3. Nf3 b6 4. g3 Bb7 5. Bg2 Be7 6. O-O O-O 7. Nc3 Na6 8. a3
Rb8 9. b4 c6 10. Bb2 d5 11. Ne5 dxc4 12. Nxc4 Nd5 13. Qd2 Nxc3 14. Qxc3 Bf6 15.
Ne5 c5 16. Bxb7 Rxb7 17. Qf3 Rc7 18. dxc5 bxc5 19. Nc6 Rxc6 20. Bxf6 Qb6 21. Qg4
g6 22. e4 e5 23. Bxe5 f6 24. bxc5 Qxc5 25. Bf4 Qa5 26. Rfd1 f5 27. exf5 Qxf5 28.
Qf3 Rcf6 29. Qb3+ R8f7 30. Be3 Rc6 31. Rd8+ Kg7 32. Qb2+ Rcf6 33. Bd4 Kh6 34.
Qd2+ g5 35. Bxf6 Qxf6 36. Rd6 1-0

[Event "AUTO-OPEN-2743"]
[Site "http://www.queenalice.com/game.php?id=1083830"]
[Date "2012.7.18"]
[Round "1"]
[White "Gianuzio"]
[Black "cunha"]
[Result "0-1"]
[WhiteElo "2023"]
[BlackElo "2857"]

1. Nf3 Nf6 2. g3 d5 3. Bg2 g6 4. O-O Bg7 5. d4 O-O 6. Nc3 c6 7. b3 c5 8. dxc5
Ne4 9. Nxe4 dxe4 10. Qxd8 Rxd8 11. Rb1 exf3 12. Bxf3 Nc6 13. Be3 Bh3 14. Rfd1
Bf5 0-1

[Event "AUTO-OPEN-2743"]
[Site "http://www.queenalice.com/game.php?id=1083831"]
[Date "2012.7.18"]
[Round "1"]
[White "cunha"]
[Black "Gianuzio"]
[Result "1-0"]
[WhiteElo "2863"]
[BlackElo "2000"]

1. e4 e6 2. d4 d5 3. Nc3 Bb4 4. exd5 exd5 5. Nf3 Nf6 6. Bd3 Ne4 7. O-O Bxc3 8.
bxc3 O-O 9. c4 Bg4 10. cxd5 Qxd5 11. c4 Qe6 12. h3 Bh5 13. Re1 f5 14. g4 Bg6 15.
gxf5 Bxf5 16. Rxe4 Bxe4 17. Ng5 Qf5 18. Bxe4 Qxf2+ 19. Kh1 Nc6 20. Ba3 Kh8 21.
Qh5 1-0

[Event "AUTO-OPEN-2743"]
[Site "http://www.queenalice.com/game.php?id=1083832"]
[Date "2012.7.18"]
[Round "1"]
[White "Gianuzio"]
[Black "clovis"]
[Result "0-1"]
[WhiteElo "1997"]
[BlackElo "1956"]

1. Nf3 d5 2. c4 c6 3. cxd5 cxd5 4. g3 Nf6 5. Bg2 Bf5 6. O-O e6 7. Ne5 Bd6 8.
Qa4+ Nbd7 9. Nxd7 Qxd7 10. Nc3 O-O 11. d4 a6 12. Bg5 b5 13. Qb3 Rfc8 14. Bxf6
gxf6 15. e3 Rc4 16. Qd1 Rac8 17. Qh5 Bg6 18. Qh4 b4 19. Ne2 Rc2 20. Nf4 Bxf4 21.
exf4 Kg7 22. Bf3 Rxb2 23. Bh5 Rcc2 24. Bxg6 fxg6 25. f5 exf5 26. Qf4 Rxa2 27.
Qb8 Rxf2 28. Rxa2 Rxa2 29. Qxb4 Qe8 30. Re1 Re2 31. Rxe2 Qxe2 32. Qc3 Qc4 33.
Qxc4 dxc4 34. Kf1 Kf7 35. Ke2 Ke6 36. Kd2 Kd5 37. Kc3 g5 38. h3 f4 39. gxf4 gxf4
0-1

[Event "AUTO-OPEN-2743"]
[Site "http://www.queenalice.com/game.php?id=1083834"]
[Date "2012.7.18"]
[Round "1"]
[White "Gianuzio"]
[Black "massimo"]
[Result "0-1"]
[WhiteElo "2021"]
[BlackElo "1885"]

1. Nf3 d5 2. g3 Nf6 3. Bg2 e6 4. O-O Nc6 5. d4 Be7 6. Nc3 O-O 7. b3 a6 8. Bb2 b5
9. e3 Na5 10. Qe1 b4 11. Na4 Bd7 12. Qd2 Ne4 13. Nc5 Nxd2 0-1

[Event "AUTO-OPEN-2743"]
[Site "http://www.queenalice.com/game.php?id=1083835"]
[Date "2012.7.18"]
[Round "1"]
[White "massimo"]
[Black "Gianuzio"]
[Result "1-0"]
[WhiteElo "1893"]
[BlackElo "1998"]

1. e4 e6 2. d4 d5 3. e5 c5 4. Nf3 cxd4 5. Nxd4 Bd7 6. Bb5 Bb4+ 7. c3 Bc5 8. b4
Bxd4 9. Bxd7+ Nxd7 10. cxd4 Qb6 11. a3 Ne7 12. O-O O-O 13. Qg4 Kh8 14. Bg5 Ng6
15. h4 f5 16. Qd1 Rf7 17. h5 Ne7 18. h6 g6 19. f4 Nc6 20. Nc3 Rc8 21. Ne2 a5 22.
Rf3 axb4 23. axb4 Qxb4 24. Ra4 Qb6 25. Rb3 Qc7 26. Nc3 Ncb8 27. Ra7 Nb6 28. Nb5
Qc1 29. Qxc1 Rxc1+ 30. Kh2 Nc6 31. Nd6 Nxa7 32. Nxf7+ Kg8 33. Rxb6 Kxf7 34.
Rxb7+ Ke8 35. Rxa7 1-0

[Event "AUTO-MASTER-1661"]
[Site "http://www.queenalice.com/game.php?id=1090296"]
[Date "2012.8.4"]
[Round "2"]
[White "Gianuzio"]
[Black "Norfair"]
[Result "0-1"]
[WhiteElo "1972"]
[BlackElo "2403"]

1. Nf3 d5 2. c4 Nf6 3. g3 e6 4. cxd5 exd5 5. Bg2 c6 6. O-O Bd6 7. Re1 O-O 8. d4
Bg4 9. Nc3 Re8 10. Bg5 Nbd7 11. h3 Bf5 12. Nh4 Be6 13. e4 dxe4 14. Bxf6 Nxf6 15.
Nxe4 Nxe4 16. Bxe4 g6 17. Bg2 Qb6 18. b3 Rad8 19. d5 Bxg3 20. Re3 Bxh4 21. Qe2
cxd5 22. Rd1 Bg5 0-1

[Event "AUTO-MASTER-1661"]
[Site "http://www.queenalice.com/game.php?id=1090297"]
[Date "2012.8.4"]
[Round "2"]
[White "Norfair"]
[Black "Gianuzio"]
[Result "1-0"]
[WhiteElo "2438"]
[BlackElo "1992"]

1. c4 Nf6 2. g3 d5 3. cxd5 Nxd5 4. Bg2 e6 5. Nf3 Nc6 6. O-O Be7 7. d4 O-O 8. e4
Nb6 9. Nc3 Bf6 10. Be3 Nc4 11. e5 Nxe3 12. fxe3 Be7 13. a3 a6 14. Qc2 h6 15.
Rad1 Rb8 16. Nd2 Qe8 17. Nce4 f5 18. exf6 Bxf6 19. Nxf6+ Rxf6 20. Ne4 Rxf1+ 21.
Rxf1 Bd7 22. Nc5 Ne7 23. Bxb7 Bb5 24. Rf2 Nf5 25. Bxa6 Nxe3 26. Bxb5 Qxb5 27.
Qe4 Nd1 28. Rf3 Qxb2 29. Nd7 Re8 30. Nf6+ gxf6 31. Qg6+ Kh8 32. Qxf6+ 1-0

[Event "AUTO-MASTER-1661"]
[Site "http://www.queenalice.com/game.php?id=1090298"]
[Date "2012.8.4"]
[Round "2"]
[White "Gianuzio"]
[Black "Bruscato"]
[Result "0-1"]
[WhiteElo "1975"]
[BlackElo "2293"]

1. Nf3 c5 2. c4 Nc6 3. g3 e6 4. Bg2 Nf6 5. O-O Be7 6. d4 cxd4 7. Nxd4 O-O 8. Nc3
Nxd4 9. Qxd4 d6 10. Be3 Qc7 11. b3 e5 12. Qd2 Be6 13. Rac1 Qb8 14. Bg5 h6 15.
Bxf6 Bxf6 16. Nd5 Bg5 17. e3 f5 18. f4 Bd8 19. fxe5 dxe5 20. e4 Bg5 21. Ne3 f4
22. gxf4 exf4 23. Bf3 fxe3 24. Qe2 Qe5 25. Bg4 Rxf1+ 26. Rxf1 Bxg4 27. Qc2 e2
28. Re1 Be3+ 0-1

[Event "AUTO-MASTER-1661"]
[Site "http://www.queenalice.com/game.php?id=1090299"]
[Date "2012.8.4"]
[Round "2"]
[White "Bruscato"]
[Black "Gianuzio"]
[Result "1-0"]
[WhiteElo "2252"]
[BlackElo "1990"]

1. e4 e6 2. d4 d5 3. Nc3 Bb4 4. e5 c5 5. a3 cxd4 6. axb4 dxc3 7. Qg4 g6 8. bxc3
Ne7 9. Bg5 Qc7 10. Bb5+ Bd7 11. Bxd7+ Nxd7 12. Ne2 Nxe5 13. Qg3 Nf5 14. Qf4 Rc8
15. Bf6 1-0